000 00577nam a2200181Ia 4500
008 100921s9999 xx 000 0 und d
082 _b15384
_a820 थ 50
100 _aWechsler Herman.
245 _aGods & Goddesses In Art & Lrgend.
260 _bपॉकेट बुक्स,न्यूयॉर्क.
_c1950
300 _a96
_b---
365 _b2
520 _aललित इंग्रजी.
630 _aGods & Goddesses In Art & Lrgend.
650 _aललित इंग्रजी.
730 _aGods & Goddesses In Art & Lrgend.
942 _cBOOK
999 _c764497
_d764494